Geography Quiz

Random Geography or City Quiz

100 Largest Cities in the World Quiz Stats

 Plays Quiz not verified by Sporcle

Challenge
Share
Tweet
Embed
Score 0/100 Timer 20:00
0 Plays Today
Rank City % Correct
1Tokyo–Yokohama
98.1%
9New York
96%
8Beijing
94.9%
32London
93.9%
18Los Angeles
93.1%
6Shanghai
92.8%
15Moscow
92.8%
12Mexico City
92%
29Paris
92%
36Chicago
90.4%
17Cairo
89.1%
26Rio de Janeiro
89.1%
13Mumbai
88%
97Berlin
88%
56Madrid
87.8%
23Istanbul
87.2%
21Buenos Aires
86.7%
3Delhi
86.4%
5Seoul–Gyeonggi–Incheon
86.2%
11São Paulo
86.2%
63Houston
86.2%
14Osaka–Kobe–Kyoto
85.6%
2Jakarta
85.1%
98Sydney
84.6%
19Bangkok
84.3%
55Dallas–Fort Worth
83.8%
53Toronto
83.2%
46Hong Kong
81.4%
73Saint Petersburg
80.6%
60San Francisco–San Jose
80.3%
30Lima
80.1%
83Barcelona
79.8%
64Miami
79.5%
24Lagos
79.3%
Rank City % Correct
37Bogotá
78.7%
4Manila
78.5%
22Tehran
77.9%
42Johannesburg–East Rand
77.9%
54Santiago
77.4%
69Philadelphia
77.1%
89Boston
77.1%
7Karachi
76.6%
52Baghdad
75%
77Washington, D.C.
73.1%
68Singapore
71.5%
16Dhaka
71.3%
10Guangzhou–Foshan
70.7%
49Kuala Lumpur
70.7%
93Phoenix
69.9%
71Milan
68.6%
82Nairobi
67.3%
66Riyadh
66.5%
44Taipei
66.2%
87Ankara
66.2%
20Kolkata
66%
27Kinshasa
66%
38Ho Chi Minh City
65.2%
75Atlanta
63.6%
84Alexandria
61.2%
40Bengaluru
60.1%
85Kabul
59.6%
34Lahore
58.5%
39Hyderabad
56.6%
35Chennai
55.1%
74Khartoum
54.8%
59Xi'an–Xianyang
54.3%
86Guadalajara
51.9%
25Shenzhen
50.5%
Rank City % Correct
95Accra
50.5%
51Essen–Düsseldorf
49.5%
28Tianjin
47.1%
88Belo Horizonte
46%
96Monterrey
45.7%
61Luanda
45.2%
43Wuhan
44.9%
33Nagoya
43.6%
81Yangon
43.1%
92Dar es Salaam
43.1%
31Chengdu
41.5%
80Abidjan
40.2%
47Chongqing
38.8%
48Ahmedabad
38.8%
57Nanjing
37.5%
67Pune
37%
79Harbin
32.4%
45Hangzhou
32.2%
58Shenyang
27.9%
62Qingdao–Jimo
25.8%
78Surabaya
25.8%
91Kuwait City
24.7%
99Fuzhou
23.7%
94Dalian
23.4%
90Xiamen
22.9%
70Surat
22.3%
65Bandung
22.1%
76Zhengzhou–Xingyang
21.8%
41Dongguan
21.3%
100Medan
20.5%
72Suzhou
18.4%
50Quanzhou
10.9%

You're not logged in!

Compare scores with friends on all Sporcle quizzes.
Join for Free
OR
Log In

You Might Also Like...

Show Comments

Extras

Top Quizzes Today


Score Distribution

Your Account Isn't Verified!

In order to create a playlist on Sporcle, you need to verify the email address you used during registration. Go to your Sporcle Settings to finish the process.

Report this User

Report this user for behavior that violates our Community Guidelines.

Details: